000 00338nam a22001217a 4500
008 240801b |||||||| |||| 00| 0 eng d
020 _a9780198078555
100 _aBasu, Kaushik
245 _aThe oxford companion to economics in India
260 _aNew Delhi
_bOxford University Press
_c2012
300 _axv, 750p.
_c21.5cm.
942 _2ddc
999 _c9937
_d9938